Normal view
MARC view
- جامعة آل البيت
Entry Personal Name
001 - CONTROL NUMBER
- control field: 42703
003 - CONTROL NUMBER IDENTIFIER
- control field: JO-AjAnu
005 - DATE AND TIME OF LATEST TRANSACTION
- control field: 20230606081102.0
008 - FIXED-LENGTH DATA ELEMENTS
- fixed length control field: 230606|| aca||aabn | a|a d
040 ## - CATALOGING SOURCE
- Original cataloging agency: JO-AjAnu
- Transcribing agency: JO-AjAnu
100 ## - HEADING--PERSONAL NAME
- Personal name: جامعة آل البيت
670 ## - SOURCE DATA FOUND
- Source citation: Work cat.: (JO-AjAnu)21873: جامعة آل البيت, author, الكتاب السنوي لجامعة آل البيت 2011-2012